000 00483nam a2200157 a 4500
001 000019083
005 20200929165921.0
008 801010s1903 fr 000 0|spa d
040 _aDO-SdBNP
_bspa
_cBNPHU
082 _axxxx
_bP626h
100 1 _aPiñeyro, Enrique,
_d1839-1911.
_941062
245 1 0 _aHombres y glorias de América /
_cEnrique Piñeyro.
260 _aParís :
_bGarnier Hermanos,
_c1903.
300 _a356 p. ;
_c18 cm.
500 _aIncluye notas al pie de las páginas.
999 _c18601
_d18601